Top Youtubeurs Français - Statistiques

Statistiques générales
  • Ce quiz a été pris 1 627 fois
    1 223 depuis la dernière actualisation
  • Le résultat moyen est 10 sur 20
Statistiques - réponses
Classement Abonnés Chaînes % Correct
2 18,9 Millions Squeezie
99%
1 19,7 Millions Tibo Inshape
95%
8 7,74 Millions Inoxtag
88%
5 9,7 Millions Michou
88%
3 14,5 Millions Cyprien
87%
14 6,12 Millions Mastu
81%
7 8,51 Millions Amixem
78%
13 6,22 Millions Joyca
75%
4 11,5 Millions Norman
72%
10 7,36 Millions Mcfly & Carlito
63%
12 6,35 Millions Mister V
42%
18 5,55 Millions Seb
30%
6 9,68 Millions Lama Fâché
29%
17 5,56 Millions Kévin Tran
24%
11 6,55 Millions Swan & Néo
18%
19 5,33 Millions FastGoodCuisine
14%
9 7,39 Millions Rémi Gaillard
13%
16 5,82 Millions Furious Jumper
10%
15 6,06 Millions Bigorneaux et Coquillages
7%
20 5,31 Millions Anas
5%
Aucun quiz correspondant
Distribution des résultats
% des personnes avec chaque résultat
Percentile par nombre de réponses
Votre historique - résultats
Vous n’avez pas pris ce quiz depuis la dernière actualisation